书目信息 |
| 题名: |
造梦者
|
|
| 作者: | 斯克拉 著 ;冷迪 译 | |
| 分册: | ||
| 出版信息: | 杭州 浙江人民出版社 2016 |
|
| 页数: | x, 295页, [32] 页图版 | |
| 开本: | 23cm | |
| 丛书名: | ||
| 单 册: | ||
| 中图分类: | J997.12 , F279.712 | |
| 科图分类: | ||
| 主题词: | 企业管理--qi ye guan li--经验--美国 | |
| 电子资源: | ||
| ISBN: | 978-7-213-07341-0 | |
| 000 | 01830nam0 2200325 450 | |
| 001 | 012017000167 | |
| 005 | 20180111090422.05 | |
| 010 | @a978-7-213-07341-0@b@dCNY69.90 | |
| 100 | @a20160716d2016 em y0chiy0121 ea | |
| 101 | 1 | @achi@ceng |
| 102 | @aCN@b330000 | |
| 105 | @aacf z 000yy | |
| 106 | @ar | |
| 200 | 1 | @a造梦者@Azao meng zhe@e迪士尼如何点亮神奇的创意@f(美) 马蒂·斯克拉著@d= Dream it!do it!@emy half-century creating Disney's magic kingdoms@fMarty Sklar@g冷迪译@zeng |
| 210 | @a杭州@c浙江人民出版社@d2016 | |
| 215 | @ax, 295页, [32] 页图版@c图 (部分彩图), 肖像@d23cm | |
| 306 | @a本书中文简体字版由Disney Editions授权在中华人民共和国境内独家出版发行 | |
| 314 | @a马蒂·斯克拉, 迪士尼幻想工程创意总监, 迪士尼神奇世界背后的缔造者, 被授予“迪士尼传奇”称号。 | |
| 330 | @a本书是幻想工程创意总监马蒂·斯克拉的心血之作。马蒂在迪士尼工作了54年之久, 见证了全球12座迪士尼主题公园的诞生。他在这本书中细述了他是如何带领幻想工程师将幻想工程打造成世界终极造梦工厂, 令迪士尼乐园风靡全球的。阅读《造梦者》, 你将了解幻想工程到底是什么? 幻想工程师们究竟是做什么的? 在缔造迪士尼神奇世界的过程中, 幻想工程师发挥了什么作用? 如何管理这些富有创意的幻想工程师? 《造梦者》不仅浓缩了迪士尼幻想工程师的创意法则, 更是一部迪士尼乐园的发展史, 无论是迪士尼的忠实拥趸, 还是业界人士都会从中获得乐趣、受到启发。 | |
| 500 | 10 | @aDream it!do it! : my half-century creating Disney's magic kingdoms@mChinese |
| 517 | 1 | @a迪士尼如何点亮神奇的创意@Adi shi ni ru he dian liang shen qi de chuang yi |
| 601 | 02 | @a迪斯尼公司@Adi si ni gong si@x企业管理@x经验 |
| 606 | 0 | @a企业管理@Aqi ye guan li@x经验@y美国 |
| 690 | @aJ997.12@v5 | |
| 690 | @aF279.712@v5 | |
| 701 | 1 | @a斯克拉@Asi ke la@g(Sklar, Marty)@4著 |
| 702 | 0 | @a冷迪@Aleng di@4译 |
| 801 | 0 | @aCN@b湖北三新@c20160811@g |
| 905 | @aBZT@dJ997.12@e2 | |
| 906 | @dCNY69.90@n5@r1 | |
| 造梦者:迪士尼如何点亮神奇的创意/(美) 马蒂·斯克拉著= Dream it!do it!:my half-century creating Disney's magic kingdoms/Marty Sklar/冷迪译.-杭州:浙江人民出版社,2016 |
| x, 295页, [32] 页图版:图 (部分彩图), 肖像;23cm |
| ISBN 978-7-213-07341-0:CNY69.90 |
| 本书是幻想工程创意总监马蒂·斯克拉的心血之作。马蒂在迪士尼工作了54年之久, 见证了全球12座迪士尼主题公园的诞生。他在这本书中细述了他是如何带领幻想工程师将幻想工程打造成世界终极造梦工厂, 令迪士尼乐园风靡全球的。阅读《造梦者》, 你将了解幻想工程到底是什么? 幻想工程师们究竟是做什么的? 在缔造迪士尼神奇世界的过程中, 幻想工程师发挥了什么作用? 如何管理这些富有创意的幻想工程师? 《造梦者》不仅浓缩了迪士尼幻想工程师的创意法则, 更是一部迪士尼乐园的发展史, 无论是迪士尼的忠实拥趸, 还是业界人士都会从中获得乐趣、受到启发。 |
| ● |
| 相关链接 |
|
|
|
正题名:造梦者
索取号:J997.12/2
 
预约/预借
| 序号 | 登录号 | 条形码 | 馆藏地/架位号 | 状态 | 备注 |
| 1 | 843920 | 2000843920 | 第二书库/ [索取号:J997.12/2] | 在馆 | |
| 2 | 843921 | 2000843921 | 第二书库/ [索取号:J997.12/2] | 在馆 | |
| 3 | 843922 | 2000843922 | 第二书库/ [索取号:J997.12/2] | 在馆 | |
| 4 | 843923 | 2000843923 | 第二书库/ [索取号:J997.12/2] | 在馆 | |
| 5 | 843924 | 2000843924 | 第二书库/ [索取号:J997.12/2] | 在馆 |